Library Banner

قادیانی مسئلہ اور اسکے سیا سی ، دینی اور تمدنی پہلو (Record no. 69822)

MARC details
000 -LEADER
fixed length control field 00494nam a22001457a 4500
005 - DATE AND TIME OF LATEST TRANSACTION
control field 20150409162031.0
008 - FIXED-LENGTH DATA ELEMENTS--GENERAL INFORMATION
fixed length control field 150409b xxu||||| |||| 00| 0 eng d
040 ## - CATALOGING SOURCE
Transcribing agency PK-LaUMT
082 ## - DEWEY DECIMAL CLASSIFICATION NUMBER
Classification number KHC 297.86
Item number ABU-Q
100 ## - MAIN ENTRY--PERSONAL NAME
Personal name ابوالاعلی مودودی
245 ## - TITLE STATEMENT
Title قادیانی مسئلہ اور اسکے سیا سی ، دینی اور تمدنی پہلو
Statement of responsibility, etc ابوالاعلی مودودی
260 ## - PUBLICATION, DISTRIBUTION, ETC. (IMPRINT)
Place of publication, distribution, etc لاہور
Name of publisher, distributor, etc اسلامک پبلیکیشنز
Date of publication, distribution, etc 1963
300 ## - PHYSICAL DESCRIPTION
Extent 423 ص
942 ## - ADDED ENTRY ELEMENTS (KOHA)
Koha item type Books
Holdings
Withdrawn status Lost status Damaged status Home library Current library Date acquired Full call number Barcode Date last seen Price effective from Koha item type
      UMT Main Campus UMT Main Campus 2015-04-09 KHC 297.86 ABU-Q 72533 2015-04-09 2015-04-09 Books